000 00502nam a2200193Ia 4500
003 LK-CoDNM
008 010623t1962 xxu||||| |||| 00| 1 sin d
040 _aLK-CoDNM
_dLK-CoDNM
_eLK-CoDNM
041 _asin
080 _a(x*7) 793.31 SED
100 _aSedaraman, J.E.
245 _aඋඩරට නැටුමි කලාව
246 _aUdarata netum kalawa
260 _bM.D.Gunasena
_aColombo
_c1962
300 _b(vii)244, 21 cm
650 _aCulture
650 _aDancing
942 _cBK
999 _c105986
_d105986